| 000 | 00347nam a22001457a 4500 | ||
|---|---|---|---|
| 003 | SGT | ||
| 082 | _a340,ICR | ||
| 100 | _aICRC | ||
| 245 | _aHANDBOOK OF THE INTERNATIONAL RED CROSS AND RED CRESCENT MOVEMENT | ||
| 250 | _a14TH | ||
| 260 |
_aNEW DELHI _bICRC _c1985 |
||
| 300 | _a391 | ||
| 650 | _aHANDBOOK OF THE INTERNATIONAL | ||
| 942 |
_2ddc _cBK |
||
| 999 |
_c11248 _d11248 |
||